Sports Quiz

Random Sports or NBA Quiz

Malice at the Palace Punishments (Matching) Quiz Stats

 Plays Quiz not verified by Sporcle

Also try: Big 4 Prefixes
Challenge
Share
Tweet
Score 0/9 Timer 03:00
0 Plays Today
% Correct
Ron Artest - Pacers
97.4%
Jermaine O'Neal - Pacers
76.2%
Ben Wallace - Pistons
74.8%
Stephen Jackson - Pacers
68.2%
Chauncey Billups - Pistons
50.3%
Reggie Miller - Pacers
45%
Anthony Johnson - Pacers
24.5%
Derrick Coleman - Pistons
23.2%
Elden Campbell - Pistons
20.5%

You're not logged in!

Compare scores with friends on all Sporcle quizzes.
OR
Log In

You Might Also Like...

Show Comments

Extras

Top Quizzes Today


Score Distribution

Your Account Isn't Verified!

In order to create a playlist on Sporcle, you need to verify the email address you used during registration. Go to your Sporcle Settings to finish the process.

Report this User

Report this user for behavior that violates our Community Guidelines.

Details: